| 000 | 01697nam0a2200409 4500 | ||
|---|---|---|---|
| 001 | RU\NLR\BIBL_A\012196148 | ||
| 005 | 20230615114753.0 | ||
| 010 |
_a978-5-09-075104-9 _92000 |
||
| 021 |
_aRU _bКН-П-20-047998 _9КН-П-20-3639 |
||
| 021 |
_aRU _bКН-П-21-073721 _9КН-П-21-5862 |
||
| 021 |
_aRU _bКН-П-19-098023 _9КН-П-19-7205 |
||
| 035 | _a(NLR Aleph) 012196148 | ||
| 035 | _a(RuMoRGB)010401080 | ||
| 035 | _a(RuMoRGB)010203902 | ||
| 090 |
_a10821153 _c10821153 |
||
| 100 | _a20200203d2020 d y0rusy50 ca | ||
| 101 | 0 | _arus | |
| 102 | _aRU | ||
| 105 | _aac j 000zy | ||
| 181 | 0 |
_ai _baxxe |
|
| 182 | 0 | _an | |
| 200 | 1 |
_aИзобразительное искусство _e8 класс _eучебник для общеобразовательных организаций _fА. С. Питерских _gпод редакцией Б. М. Неменского |
|
| 203 |
_aТекст _bвизуальный _cнепосредственный |
||
| 205 | _a10-е изд. | ||
| 210 |
_aМосква _cПросвещение _d2020 [т. е. 2019] |
||
| 215 |
_a175 с. _cил., портр., цв. ил., цв. портр. _d26 |
||
| 225 | 1 | _aШкола Неменского | |
| 300 | _aНа обл. подзаг.: 8 | ||
| 300 | _aКн. фактически изд. в 2019 г. | ||
| 606 | 1 |
_aИскусство _jУчебники для средней школы _2nlr_sh1 _2nlr_sh2 _3RU\NLR\AUTH\6626297 |
|
| 686 | 1 | _aЩ,0я72 | |
| 700 | 1 |
_aПитерских _bА. С. _gАлексей Сергеевич |
|
| 942 | _cBOOK | ||
| 980 | _aNBR | ||
| 980 | _aNB | ||